Регионална библиотека "Любен Каравелов" - Русе

СФПС [Световна федерация на профсъюзите] в борбата за социален прогрес и мир (Запис номер 367996)

MARC детайли
000 -Лидер
Контролно поле с фиксирана дължина nam a22 7a 4500
003 - Код на организацията, давaща контролен номер
Контролно поле BLK
005 - Дата и час на последна редакция
Контролно поле 20201007040818.0
008 - Елементи от данни с фиксирана дължина
fixed length control field 200612b bu ||||| |||| 00| 0 bu d
040 ## - Източник на каталожния запис
Идентификатор на билиотеката - собственик на записа BLK
041 ## - Код за език
Код за езика на текст/звукозапис или на отделно заглавие Български
Код за езика КДБФ Български
080 ## - УДК
Текстов определител УДК Профсъюзно движение. Професионални съюзи
УДК код - определител по УДК 331.105.5
УДК определител (100)
УДК - код + определител 331.105.5(100)
100 ## - Редна дума - Автор
Автор Шумейко, А. В.
Авторска отговорност първи автор
R(LIN) 1299
139 ## - Редно поле
Редна дума Шумейко, А. В.
Авторски знак Шум - Ш 97
245 ## - Сведения за заглавието
Заглавие СФПС [Световна федерация на профсъюзите] в борбата за социален прогрес и мир
Подзаглавни данни Ист. очерк
Редно поле (дума) А. В. Шумейко ; прев. от рус. Гюргена Чакърова
260 ## - Област на издателските данни
9 (RLIN) 210729
Място на издаване, разпространение и проч. София
Име на издателя, разпространителя и проч. Профиздат
Година на издаване 1983
300 ## - Физическа характеристика
Страници 220 с.
Размери/Мащаб 20 см
380 ## - Жанр
Жанр Обществени науки
650 #7 - Допълнително описание по предмет – тема
9 (RLIN) 168241
Основно описание – тема или топоним Профсъюзно движение
653 #7 - Ключова дума – ненормативна
9 (RLIN) 194823
Ключова дума профсъюзи
653 #7 - Ключова дума – ненормативна
9 (RLIN) 196978
Ключова дума социален прогрес
653 #7 - Ключова дума – ненормативна
9 (RLIN) 191110
Ключова дума мир
700 ## - Други автори (авторска отговорност)
9 (RLIN) 315539
Лично име Чакърова, Гюргена
Автороска отговорност (Описва отношението между автора и произведението) прев. от рус.
852 ## - Местоположение
Форматна сигнатура Цб 125524
Фондова буква Хранилище
999 ## - СИСТЕМНИ КОНТРОЛНИ НОМЕРА
Koha biblionumber 367996
Koha biblioitemnumber 367996
942 ## - АРТИКУЛИ
Вид на библиотечния материал Книги
Скрит в OPAC Не
Периодичен библиозапис Да
944 ## - СЪЗДАВАНЕ И РЕДАКЦИЯ на ЗАПИСА
Създаване/Редакция Създаване
Дата на регистрацията/редакция 2020-06-12
Служител, извършил регистрацията/редакцията Христина Везирева
Наличности
Код за отписване Код за изгубен артикул Източник на класификационната схема Код за повреда Коз за рестрикции Код за отдаване Артикулен № Име на библиотеката - собственик Име на библиотеката, в която се намира в момента Статус (Текущо местоположение) Дата на вписване в системата Местоположение - отдел Цена в лева Инвентарен номер Систематично азбучна сигнатура Баркод Цена в евро Служебен тип на артикула
  Не е изгубен Universal Decimal Classification Не е повреден без рестрикции ползва се в читалня 776675 Регионална библиотека "Любен Каравелов" Русе Регионална библиотека "Любен Каравелов" Русе Хранилище 2020-06-16 Хранилище 0.92 401357 Цб 125524 900000012724 0.47 Книги
Vip Innovations Ltd, Rousse, Bulgaria 2025